000 00727nam a2200241Ia 4500
003 OSt
005 20220923224355.0
006 a|||||r|||| 00| 0
007 ta
008 Pun
024 _a231,797
037 _cTextual
040 _aARTS
_cARTS
_bPun
041 _2Pun
_aPun
082 _aO153:g, M7
100 _aਲਾਂਬਾ, ਜਗਜੀਤ ਕੌਰ
245 0 _aਪੰਜਾਬੀ ਸਾਹਿਤ ਅਧਿਐਨ
260 _aਪਟਿਆਲਾ
_b ਅਮਰਜੀਤ ਸਾਹਿਤ ਪ੍ਰਕਾFਨ
_c1987
300 _a80ਪੰ
_ccm.
650 _aਪੰਜਾਬੀ ਸਾਹਿਤ
942 _hO153:g, M7
_cTEXL
_2CC
999 _c371031
_d371031